LEADER 01252nam2 2200325 450 001 000029343 005 20210705133147.0 010 $a90-411-0334-1 100 $a20130212d1997----km-y0itay50------ba 101 0 $aeng$jfre 102 $aNL 105 $ay-------001yy 200 1 $a<>protection of human rights in Europe V.5/II$fEuropean University Institute of Florence$gAcademy of European Law$v1994, Vol. 5, book 2 210 $aThe Hague$aBoston$aLondon$cMartinus Nijhoff Publishers$d1997 215 $aXIX, 279 p.$d25 cm 225 2 $aCollected courses of the Academy of European Law$dRecueil des cours de l'Académie de droit européen$v5.2 410 0$12001$aCollected courses of the Academy of European Law$v5.2 461 0$1001000008547 500 10$a<>protection of human rights in Europe$957831 610 1 $aDiritti dell'uomo 610 1 $aDiritto intenazionale 676 $a341.481026$v21 676 $a342.0873$v21 712 02$aEuropean University Institute of Florence 712 02$aAcademy of European law 801 0$aIT$bUNIPARTHENOPE$c20130212$gRICA$2UNIMARC 912 $a000029343 951 $aCAEL 341 V/2$b34933$cNAVA1$d2013 996 $aProtection of human rights in Europe$957831 997 $aUNIPARTHENOPE